Unravelling The World; (Record no. 208323)

MARC details
000 -LEADER
fixed length control field 00540nam a22001817a 4500
005 - DATE AND TIME OF LATEST TRANSACTION
control field 20250109163840.0
010 ## - LCCN (DPL NO)
LC control number B-761656
020 ## - INTERNATIONAL STANDARD BOOK NUMBER
International Standard Book Number 9789392137846
Terms of availability 200.00
035 ## - SYSTEM CONTROL NUMBER
System control number B-761656
037 ## - SOURCE OF ACQUISITION
Source of stock number/acquisition Gift
082 ## - DEWEY DECIMAL CLASSIFICATION NUMBER
Classification number 300
100 ## - MAIN ENTRY--PERSONAL NAME
Personal name Mathew, Caroline
245 ## - TITLE STATEMENT
Title Unravelling The World;
Remainder of title A Book on Social Studies Stage 3/
Statement of responsibility, etc Caroline Mathew
260 ## - PUBLICATION, DISTRIBUTION, ETC. (IMPRINT)
Place of publication, distribution, etc New Delhi
Name of publisher, distributor, etc Trinity Books
Date of publication, distribution, etc 2024
300 ## - PHYSICAL DESCRIPTION
Extent 96p.
Dimensions 28cm(pb)
942 ## - ADDED ENTRY ELEMENTS (KOHA)
Source of classification or shelving scheme Dewey Decimal Classification
Item type Children Books
Classification part 300
Call number suffix MAT
Holdings
Withdrawn status Lost status Not for loan Collection code Home library Current library Date acquired Source of acquisition Cost, normal purchase price Full call number Barcode Copy number Cost, replacement price Koha item type Public note
      Non-fiction RC3 Shakur Pur RC3 Shakur Pur 09/01/2025 Gift/8.1.25 200.00 300 MAT B-761656 1 200.00 Children Books Gift

© Delhi Public Library
Hit Counter
free hit counter